Team X-treme. Druhá mise, Příšera z hlubin /

Hlavní autor: Peinkofer, Michael, 1969-
Další autoři: Ernle, Daniel, 1981-
Jazyk: Čeština
Vydáno: V Praze : CooBoo, 2011
Vydání: 1. vyd.
Témata:
Fyzický popis: 125 s. : barev. il. ; 22 cm
Knihy
Uloženo v:
LEADER 01775nam a2200481 a 4500
001 nkc20112195206
003 CZ PrNK
005 20110708151601.0
007 ta
008 110603s2011 xr a c 000 j cze
015 |a cnb002195206 
020 |a 978-80-7447-077-6  |q (váz.) 
035 |a (OCoLC)741404348 
040 |a OLA001  |b cze  |d BOA001  |d ABA001 
041 1 |a cze  |h ger 
072 7 |a 821.112.2-3  |x Německá próza, německy psaná  |2 Konspekt  |9 25 
072 7 |a 821-93  |x Literatura pro děti a mládež (beletrie)  |2 Konspekt  |9 26 
080 |a 821.112.2-32  |2 MRF 
080 |a 821-93  |2 MRF 
080 |a (0:82-321.3)  |2 MRF 
100 1 |a Peinkofer, Michael,  |d 1969-  |7 mzk2007394892  |4 aut 
245 1 0 |a Team X-treme.  |n Druhá mise,  |p Příšera z hlubin /  |c Michael Peinkofer ; přeložila Ilona Anna Fuchsová ; ilustroval Daniel Ernle 
246 3 0 |a Příšera z hlubin 
246 1 8 |a Druhá mise - Příšera z hlubin 
250 |a 1. vyd. 
260 |a V Praze :  |b CooBoo,  |c 2011 
300 |a 125 s. :  |b barev. il. ;  |c 22 cm 
500 |a Přeloženo z němčiny 
655 7 |a německé příběhy  |7 fd132944  |2 czenas 
655 7 |a dobrodružné příběhy  |7 fd132060  |2 czenas 
655 7 |a publikace pro děti  |7 fd133156  |2 czenas 
655 9 |a German stories  |2 eczenas 
655 9 |a adventure stories  |2 eczenas 
655 9 |a children's literature  |2 eczenas 
700 1 |a Ernle, Daniel,  |d 1981-  |7 xx0133026  |4 ill 
765 0 |t Team X-treme. Mission 2 - Die Bestie aus der Tiefe  |9 Česky 
765 1 |t Bestie aus der Tiefe  |9 Česky 
910 2 |a BOA001  |b 2-1263.050,2 
928 9 |a Albatros Media - CooBoo 
990 |a BK 
995 |a 01 
991 |b 201107  |e db 
996 6 |b 2610481077  |c 2-1263.050,2  |l MZK  |r Sklad / do 1 hodiny  |n 0  |p p.v.  |w 001186368  |u 000010  |a 1  |e BOA001  |j MZK50  |s P